000 00916nam a22002531 4500
001 176844
003 ES-MaACL
005 20230906220209.0
008 110214s1959 sp af ||||0| spa d
080 _a75 Rousseau, Henri
100 1 _aWerner, Alfred.
_9145183
245 1 0 _aHenri Rousseau
_b: 1844-1926 /
_ctexto de Alfred Werner ; versión castellana de R. Santos Torroella.
260 _aBarcelona :
_bTimun Mas,
_cD. L. 1959.
300 _a[1] h. , [72] p. :
_bil. , lám. col. y n. , algunas pleg. ;
_c18 cm.
490 1 _aEl libro de arte de bolsillo
500 _aEncuadernado con otros títulos.
504 _aBibliografía: p. [72]
597 _aEn el lomo: Tomos XVI-XIX.
600 1 4 _aRousseau, Henri.
_9145184
700 1 _aSantos Torroella, Rafael.
_9103536
830 0 _aEl libro de arte de bolsillo
_9183601
852 _aES-MaACL
_jE-14308 (16)
_xOlim P-144
999 _c176844
_d176844